Flags by Letter - T - Statistics

General Stats
  • This quiz has been taken 260 times
  • The average score is 10 of 11
Answer Stats
Picture Answer % Correct
Turkey
99%
Thailand
94%
Taiwan
93%
Tunisia
92%
Turkmenistan
90%
Tajikistan
89%
Tanzania
88%
Trinidad and Tobago
87%
Tuvalu
87%
Togo
86%
Tonga
84%
No matching quizzes found
Score Distribution
Percent of People with Each Score
Percentile by Number Answered
Your Score History
You have not taken this quiz